000 01932cam a2200577 a 4500
001 21423
003 VRT
005 20260302101416.0
008 240318s2014 xr a b 000 m slo
015 _aSNBZSA2016
020 _a9788073608873
_q(viaz.)
035 _a1010A4E9-7CDD-40DE-82B9-9F8BB2220C1F
035 _aurn:nbn:sk:snk-amlfvw
035 _aurn:nbn:sk:snk-am009428
039 9 _a202403182021
_bVLOAD
_c201606102022
_dVLOAD
_c201602191337
_dmsnk111
_c201601191328
_dmsnk11
040 _aPPPK
_bslo
_cPPPK
_dSNK
_eAACR2
041 1 _aslo
_hcze
044 _axr
_cCZ
072 7 _a821.162.3
_xČeská literatúra
_2konspekt
072 7 _a821-93
_xLiteratúra pre deti a mládež
_2konspekt
080 _a821.162.3-34
_22001
080 _a821-93
_22001
080 _a(0.053.2)
_22001
100 1 _aPetiška, Eduard,
_d1924-1987
_4aut
240 1 0 _a[Pohádková babička]
_lSlovensky
245 1 0 _aRozprávková babička
_cEduard Petiška ; [ilustrácie: Kateřina Lovis Miler ; z českého originálu preložila Klára Košková, verše Tatiana Dunajová]
260 _aPraha
_bOttovo nakladatelství
_c2014
300 _a112 s.
_bfareb. ilustr.
_c29 cm
655 7 _ačeské rozprávky
_2SNKPH
655 7 _apublikácie pre deti
_2SNKPH
655 7 _aCzech fairy tales
_2SNKPHeng
655 7 _aChildren´s literatury
_2SNKPHeng
700 1 _aLovis Miler, Kateřina
_4ill
700 1 _aKošková, Klára
_4trl
700 1 _aDunajová, Tatiana
_4trl
910 _apppk
910 _avthk
910 _abjkdg
910 _apokpoh
910 _ahevk
910 _abpksh
910 _attkjf
910 _askpk
910 _asllk
910 _atotk
910 _asnk
942 _2ddc
_cKLDE
_n0
949 _63869A19159
_abpksh821.162.3-34
_bbpksh57724
949 _617A1176626
_asnkSB 89462
_bsnk2016/1198
_oPemic1-ah/87Int. č. fa – 93/2015
_s6100:20160222
999 _c21423
_d21423